Quizzes
Events
Quiz Creation
Community
Videos
Private Events
Remove Ads
Sign In
Join for FREE
Feedback
Dark Mode
Quiz Categories
Sports
Geography
Music
Movies
Television
Just For Fun
Miscellaneous
History
Literature
Language
Science
Gaming
Entertainment
Religion
Holiday
For Kids
Quiz Lab
Recent
Popular Today
Quiz Kudos Today
Editor Picks
Curator Picks
Quizzes by...
Day
Popularity
Type
Ratings
Length
Year
Community
Subscriptions
Recent Discussions
Orange Saloon
Badges
Playlists
Quests
Create
Leaderboards
Showdown
Live 5
Trivia Bingo
Activity
Puzzle Library
Sporcle Events
Private Events
Virtual Trivia
Globe League
Become a Host
Pub Owners
SporcleCon
Opinionation
Our Games
Videos
Blog
Mobile Apps
Partnerships
Remove Ads and Go Orange
Feedback
Just For Fun
Clickable
Get the Picture
Humor
Quick Pick
Word Ladder
Missing Word
Mixed Word
Blitz
Minefield
This or That
Alphabet
Color
Typing
Sporcle
Puzzle
Word Play
Follow That Line
Logic
Just For Fun
Clickable
Get the Picture
Humor
Quick Pick
Word Ladder
Missing Word
Mixed Word
Blitz
Minefield
This or That
Alphabet
Color
Typing
Sporcle
Puzzle
Word Play
Follow That Line
Logic
Random Quiz
Search Sporcle
×
Quiz Lab
Quiz Lab
Just For Fun
Definition
Type in answers that appear in a list
Type in answers that appear in a list
Classic
Best Score? Go Orange.
Can You Name the Palindrome? Stats
Can you name the Palindrome word that uses these letters?
By
KrazyKristoff
2m
11 Questions
1,304 Plays
1,304 Plays
1,304 Plays
Comments
Comments
Give Quiz Kudos
Give Quiz Kudos
-
- Ratings
hide this ad
Replay
Link that replays current quiz
Next Quiz
Link to next quiz in quiz playlist
You Got
0%
They Got
Avg Score
77%
Avg Friend Score
Upgrade to see
Score Distribution
Jump to the score distribution portion of the page
Score
0/11
Timer
02:00
0
Plays Today
Letters Used
Palindrome
% Correct
adm
Madam
92.9%
civ
Civic
90.9%
acer
Racecar
90.3%
aky
Kayak
89.6%
elv
Level
87.3%
adr
Radar
84.2%
ast
Stats
79.6%
ahn
Hannah
66.7%
aort
Rotator
66.5%
ent
Tenet
63.1%
defi
Deified
46.5%
Quiz Playlist
Details
Report
Send in Message
Add To Playlist
Classic:
Type in answers that appear in a list
Last Updated: Feb 16, 2017
Quiz Scoreboard
CHALLENGE
Sign Up to Join the Scoreboard
Show All
Scores
Hide
Comments
May contain spoilers
Recently Published
College Basketball Coaching Resumes
by pancakes188
Sports
9m
Billboard Blitz: Fleetwood Mac
by CooCooCachoo
Music
15s
Presidents Visiting Landmarks
by Hejman
History
7m
More to Explore
Quiz From the Vault
Featured Blog Post
Where Did the Easter Bunny Come From?
hide this ad
You Might Also Like...
Tags
Definition Quiz
Letter Quiz
palindrome
Today's Top Quizzes in Just For Fun
Browse Just For Fun
hide this ad
Today's Top Quizzes in Definition
Browse Definition
Top Contributed Quizzes in Just For Fun
1
Killer Double Trees 224 - Colour Match-Up
2
Spring Typing Challenge
3
Crossword Whiteout! 49
4
Zeroing In: Just For Fun
5
Survivor Winners Logic Puzzle
6
Harry Potter Logic - 'In Chains' II
7
Word Ladder: Ahoy Matey
8
Kyle's 122nd Triple Trees
9
Word Ladder: Wilderness Weapon
10
Name Just One - 10 to 1: Just For Fun
Explore More
Trending Topics
Anime
Kpop
Marvel
Crossword
NBA
Harry Potter
Disney
WWE
NFL
The Office
Soccer
Country
Song
Pokémon
Puzzle
hide this ad
More By:
KrazyKristoff
Quiz
Plays
Rating
Category
Featured
Created
Dune Books
6,132
3.91
Literature
Sep 24, 2009
Can You Name the Palindrome?
1,304
3.88
Just For Fun
Oct 16, 2009
Top 10 US Music Festivals
269
4.00
Music
Jan 22, 2010
Books in the Ender Saga
69
4.00
Literature
Sep 24, 2009
Go to Creator's Profile
Score Distribution
Quiz Creator Spotlight
KrazyKristoff
Follow
Send a Message
Quizzes Created
-
Created Quiz Play Count
-
More By This Creator
Popular Quizzes Today
1
Find the US States - No Outlines Minefield
2
Find the Countries of Europe - No Outlines Minefield
3
The Countries of the World
4
Find the US States
5
Risky Map Clicking: Biggest States A-Z
6
US States
7
Popular People in 1961
8
Movies - When Are They Set?
More Just For Fun Quizzes
Quick Pick: What's the 'M' For?
Published
Trending Quizzes
Risky Map Clicking: Least Populous States A-Z
1-10 Letter G Words
1-10 Letter F Words
Risky Map Clicking: Next State Alphabetically
Risky Map Clicking: Biggest States A-Z
Recently Updated
Leaping Animals
pecheneg
Reality TV Shows (A-Z)
bhenderson79
Rickey Henderson's Hall of Fame Teammates
pecheneg
Champions League XIs: Arsenal
pecheneg
Quick Pick: Celebrities in WWE's Hall of Fame
aduchscher
A-Z Keypad Blitz II
pecheneg
Multiple Oscar Actors
pecheneg
Mystery Phrase Blitz: Oscar 'Best Actors'
pecheneg
F. Scott Fitzgerald Novels
LTH
Pick 3 Villains
ddd62291
Trending Topics
Marvel
Kpop
Disney
Anime
Crossword
NBA
Harry Potter
Pokémon
The Office
NFL
WWE
Song
Soccer
Puzzle
Country
Your Account Isn't Verified!
In order to create a playlist on Sporcle, you need to verify the email address you used during registration. Go to your
Sporcle Settings
to finish the process.
Report this User
Report this user for behavior that violates our
Community Guidelines
.
Details:
Send Report
Go to the Sporcle.com Mobile Site →
Comments